A granja de Stepanchikovo (Registo nº 201903)

Detalhes MARC
000 -Etiqueta do registo
Valores 00657nam 22002053 4500
021 ## - Número do Depósito Legal
Código do país Portugal
100 ## - Dados gerais de processamento
Dados gerais 20230511d u||y0pory50 ba
200 ## - Titulo e menção de responsabilidade
Título próprio A granja de Stepanchikovo
Primeira menção de responsabilidade Fiódor Dostoiévski
Outras menções de responsabilidade versão livre de Cabral do Nascimento
210 ## - Publicação
Local de publicação Lisboa
Nome do editor Portugália Editora
Data de publicação [19--?]
215 ## - Descrição física 
Paginação / Volumes 289, [2] p.
Outras indicações físicas brochado
Dimensões 19 cm
225 ## - Colecção 
Título próprio da colecção Os romances sensacionais
Indicação de volume IV
300 ## - Notas gerais 
Texto da nota Contém notas na folha de guarda
606 ## - Nome comum usado como assunto
ID Autoridade 11
Palavra de ordem Literatura Russa
675 ## - CDU
Notação 821.161.1
Edição PT
Língua por
700 ## - Autor principal (pessoa individual)
ID Autoridade 2362
Apelido Dostoiévski
Nome Fiódor
Datas 1821-1881
801 ## - Fonte de origem
País PT
Agência BMMN
Regras de catalogação RPC
830 ## - Notas gerais do catalogador
Criado por Ana Falardo
Indexado por Ana Falardo
990 ## - Elementos KOHA
Tipo de documento Livro
Exemplares
Situação do levantamento Biblioteca de origem Código de barras Cota Permissão de empréstimo Tipo de documento Nota relativa ao exemplar Forma de aquisição
  Biblioteca Municipal de Montemor-o-Novo 31299 821.161.1-3 DOS|SAF   Livro Acesso Condicionado Oferta

Powered by Koha